00474nmm a22001577a 450000500170000000800410001704100080005808200100006610000300007624501140010626000090022065000150022965000330024465000180027765000210029520160520151936.0160519b xxu||||| |||| 00| 0 spa d aspa aDE 33 aMata Zúñiga, Julián aInforme de práctica supervisada realizada en Payless ShoesourcebMejoramiento del Programa de Entrenamiento c2014 aCOSTA RICA aADMINISTRACIÓN DE EMPRESAS aENTRENAMIENTO aRECURSOS HUMANOS